Top 5 All Time Players From Each NBA Team - Statistics

General Stats
  • This quiz has been taken 180 times
    138 since last reset
  • The average score is 99 of 164
Answer Stats
Atlanta Hawks % Correct
LeBron James
97%
Kyrie Irving
93%
Michael Jordan
93%
Kevin Durant
92%
Julius Erving
91%
Larry Bird
91%
Hakeem Olajuwon
90%
Scottie Pippen
90%
Shaquille O’Neal
90%
Dirk Nowitzki
89%
Magic Johnson
89%
Nikola Jokic
89%
Stephen Curry
89%
James Harden
88%
Wilt Chamberlain
88%
Kevin Garnett
87%
Luka Doncic
87%
Bill Russell
86%
95 Dominique Wilkins
86%
Jerry West
85%
Kareem Abdul-Jabbar
85%
Kawhi Leonard
84%
David West
82%
Dwyane Wade
82%
Giannis Antetokounmpo
82%
Kobe Bryant
82%
Dennis Rodman
81%
Jason Kidd
80%
Patrick Ewing
80%
Russell Westbrook
80%
Carmelo Anthony
79%
Derrick Rose
79%
Karl Malone
78%
Vince Carter
78%
Isiah Thomas
77%
Kevin Love
77%
Moses Malone
77%
Tin Duncan
77%
Chris Bosh
76%
David Robinson
76%
Damian Lillard
75%
Chris Paul
74%
Anthony Davis
73%
Larry Johnson
73%
Steve Nash
73%
Tony Parker
73%
Anthony Edwards
72%
95 Bob Pettit
72%
David Thompson
72%
Dennis Johnson
72%
Jermaine O’Neal
72%
John Stockton
72%
Marques Johnson
72%
Baron Davis
71%
Bob Cousy
71%
Ja Morant
71%
Oscar Robertson
71%
Paul George
71%
Allen Iverson
70%
Clyde Drexler
70%
Dwight Howard
70%
Marc Gasol
69%
Pau Gasol
69%
Ray Allen
69%
Tracy McGrady
69%
Kevin McHale
68%
Alonzo Mourning
65%
Tim Hardaway
65%
Penny Hardaway
64%
John Havlicek
63%
Joel Embiid
62%
Blake Griffin
61%
Chauncey Billups
60%
92 Dikembe Mutombo
60%
Gary Payton
60%
Jimmy Butler
60%
Karl-Anthony Towns
60%
Alex English
59%
Bob McAdoo
58%
Kemba Walker
58%
Zion Williamson
58%
DeMar DeRozan
57%
Joe Dumars
57%
Elgin Baylor
56%
Rick Barry
56%
Walt Frazier
56%
Bill Walton
55%
Devin Booker
55%
Chris Webber
54%
Kyle Lowry
54%
Wes Unseld
53%
Amar’e Stoudemire
52%
Bradley Beal
52%
Artis Gilmore
51%
Shai Gilgeous-Alexander
51%
Elvin Hayes
49%
Pete Maravich
49%
Mark Price
48%
Willis Reed
48%
George Gervin
47%
Mike Conley
47%
Chris Mullin
45%
Grant Hill
45%
Jim Jackson
44%
Zach Randolph
43%
Dave Cowens
41%
Glen Rice
40%
Zydrunas Ilgauskas
40%
Sidney Moncrief
39%
Eddie Jones
38%
Gilbert Arenas
36%
Adrian Dantley
32%
Brad Daugherty
32%
Dolph Schayes
31%
Bob Lanier
30%
Shawn Marion
30%
Paolo Banchero
28%
Brandon Roy
27%
Mark Aguirre
27%
Sam Cassell
27%
Mitch Richmond
26%
Dave Debusschere
25%
Fat Lever
25%
91 Lou Hudson
24%
Mark Eaton
23%
Rolando Blackman
23%
Elton Brand
22%
Jerry Lucas
22%
Larry Nance
22%
Maurice Lucas
22%
Michael Finley
22%
Nate Archibald
22%
Earl Monroe
21%
Dan Issel
14%
91 Cliff Hagan
13%
Drazen Petrovic
13%
Freddie Lewis
12%
Mel Daniels
12%
Andrei Kirilenko
11%
Richie Guerin
11%
Jamal Mashburn
10%
Derek Harper
9%
George McGinnis
9%
Tom Gugliotta
7%
No matching quizzes found
Score Distribution
Percent of People with Each Score
Percentile by Number Answered
Your Score History
You have not taken this quiz since the last reset